| 000 | 00595nam a2200193 a 4500 | ||
|---|---|---|---|
| 005 | 20250611063912.0 | ||
| 008 | 030512s2001 mx r 000 0 spa d | ||
| 020 | _a9213218257 | ||
| 035 | _aUPN01000124026 | ||
| 049 | _aCG | ||
| 050 | 4 |
_aQH544 _bG5.3 |
|
| 100 | 1 | _aGligo, Nicolo | |
| 245 | 1 | 3 |
_aLa dimensión ambiental en el desarrollo de América Latina / _cNicolo Gligo. |
| 260 |
_aSantiago de Chile : _bCEPAL, _c2001. |
||
| 300 | _a265, [14] p. | ||
| 650 | 2 |
_aEcología - _zAmérica Latina _912540 |
|
| 650 | 4 |
_aAGRICULTURA - _xASPECTOS AMBIENTALES - _zAMERICA LATINA _91844 |
|
| 905 | _aLibro | ||
| 999 |
_c96205 _d96205 |
||